|
|
|
|
| LEADER |
01349nam a2200301 4500 |
| 001 |
c000136251 |
| 003 |
CARM |
| 005 |
20020528164340.0 |
| 008 |
710119r19701826nyuab 00000 eng |
| 019 |
1 |
|
|a 179884
|5 LACONCORD2021
|
| 020 |
|
|
|a 0404043178
|
| 035 |
|
|
|a (OCoLC)111399
|5 LACONCORD2021
|
| 043 |
|
|
|a s-cl---
|a s-ag---
|
| 050 |
0 |
0 |
|a F3058
|b .M6
|
| 100 |
1 |
|
|a Miers, John,
|d 1789-1879.
|
| 245 |
1 |
0 |
|a Travels in Chile and La Plata,
|b including accounts respecting the geography, geology, statistics, government, finances, agriculture, manners, and customs, and the mining operations in Chile; collected during a residence of several years in these countries.
|
| 260 |
|
|
|a New York,
|b AMS Press,
|c [1970].
|
| 300 |
|
|
|a 2 v.
|b illus., maps. ;
|c 23 cm.
|
| 500 |
|
|
|a Reprint of the 1826 ed.
|
| 650 |
|
0 |
|a Mines and mineral resources.
|
| 651 |
|
0 |
|a Chile.
|
| 651 |
|
0 |
|a Argentina
|x Description and travel.
|
| 852 |
8 |
|
|b CARM
|h A2:AF21C0
|i B01255
|p 0062544
|f BK
|
| 852 |
8 |
|
|b CARM
|h A2:AF21C0
|i B01255
|p 0062545
|f BK
|
| 082 |
0 |
4 |
|a 918.2
|
| 999 |
f |
f |
|i 7bcade1f-455f-522a-9247-d109314a4e8a
|s f3307fa2-074b-5683-8832-7d7e481cd7bc
|
| 952 |
f |
f |
|p Can circulate
|a CAVAL
|b CAVAL
|c CAVAL
|d CARM 1 Store
|e B01255
|f A2:AF21C0
|h Other scheme
|i book
|j v.1 held
|m 0062544
|
| 952 |
f |
f |
|p Can circulate
|a CAVAL
|b CAVAL
|c CAVAL
|d CARM 1 Store
|e B01255
|f A2:AF21C0
|h Other scheme
|i book
|j v.2 held
|m 0062545
|